01293 2200277 4500001002100000005001500021035002000036008004100056020002200097041000800119082001200127084001800139100002200157245004200179260005300221300002100274520051200295650002100807650003700828990002500865990002500890990002500915990002500940990002500965990002500990INLIS00000000000937820221104060825 a0010-0520009378221104 | | eng  a978-0-674-04806-5 aeng a347.012 a347.012 POS h0 aPosner, Richard A1 aHow Judges Think /cRichard A. Posner aCambridge, MA :bHarvard University Press,c2010 a387 p. ;c24 cm. aNine theories of judicial behavior -- The judge as labor-market participant -- The judge as occasional legislator -- The mind of the legislating judge -- The judicial environment : external constraints on judging -- Altering the environment : tenure and salary issues -- Judicial method : internal constraints on judging -- Judges are not law professors -- Is pragmatic adjudication inescapable? -- The Supreme Court is a political court -- Comprehensive constitutional theories -- Judicial cosmopolitanism. 4aJudicial process 4aJudicial process --United States a22453/MKRI-P/XI-2011 a22454/MKRI-P/XI-2011 a22454/MKRI-P/XI-2011 a22453/MKRI-P/XI-2011 a22453/MKRI-P/XI-2011 a22454/MKRI-P/XI-2011